[Event "Winnipeg op"]
[Site "Winnipeg"]
[Date "2017.07.04"]
[Round "5"]
[White "Babb, Jeff"]
[Black "Schulz, Waldemar"]
[Result "1-0"]
[WhiteElo "2120"]
[BlackElo "2011"]
[PlyCount "107"]
[EventDate "2017.06.06"]
[EventType "swiss"]
[EventRounds "8"]
[EventCountry "CAN"]
[SourceTitle "EXT 2022"]
[Source "ChessBase"]
[SourceDate "2021.10.06"]
[SourceVersion "1"]
[SourceVersionDate "2021.10.06"]
[SourceQuality "1"]

1. f4 d5 2. e3 c5 3. Nf3 Nc6 4. b3 Nf6 5. Bb2 e6 6. Bb5 Bd7 7. 0-0 Be7 8. Bxc6 Bxc6 9. Ne5 0-0 10. Nxc6 bxc6 11. d3 Nd7 12. e4 d4 13. Nd2 f5 14. Qe2 Kh8 15. Rae1 Bd6 16. Nc4 Bc7 17. exf5 exf5 18. Qe6 Rf6 19. Qe7 Qxe7 20. Rxe7 Rd8 21. Bc1 Kg8 22. Rfe1 Kf8 23. Bd2 Rf7 24. R7e6 Rf6 25. Rxf6+ Nxf6 26. Re6 Nd5 27. Rxc6 Bb6 28. Re6 Kf7 29. Re2 Bc7 30. g3 h5 31. Kf2 Kf6 32. Kf3 g6 33. a4 Nb6 34. Nb2 Nd5 35. Nd1 Rb8 36. Nf2 Rb6 37. Ba5 Rc6 38. Bxc7 Rxc7 39. Nd1 Nb4 40. Rd2 Re7 41. Kf2 Re6 42. h4 Ke7 43. Nb2 Kd7 44. Nc4 Kc6 45. Ne5+ Kd5 46. Re2 Kd6 47. Ke1 Nd5 48. Nc4+ Kd7 49. Re5 Ne7 50. Kd2 Rxe5 51. Nxe5+ Kd6 52. c3 a5 53. cxd4 cxd4 54. Nc4+ 1-0

[Event "Winnipeg op"]
[Site "Winnipeg"]
[Date "2015.07.14"]
[Round "7"]
[White "Babb, Jeff"]
[Black "Schulz, Waldemar"]
[Result "1/2-1/2"]
[WhiteElo "2198"]
[BlackElo "2015"]
[PlyCount "104"]
[EventDate "2015.06.02"]
[EventType "swiss"]
[EventRounds "9"]
[EventCountry "CAN"]
[SourceTitle "EXT 2019"]
[Source "ChessBase"]
[SourceDate "2018.10.10"]
[SourceVersion "1"]
[SourceVersionDate "2018.10.10"]
[SourceQuality "1"]

1. f4 d5 2. e3 Nf6 3. Nf3 c5 4. b3 Nc6 5. Bb2 Bf5 6. Bb5 a6 7. Bxc6+ bxc6 8. Ne5 Qc8 9. Nc3 Rb8 10. Na4 e6 11. d3 Nd7 12. g4 Bg6 13. h4 f6 14. Nxd7 Qxd7 15. h5 Bf7 16. Qe2 Qa7 17. 0-0-0 Be7 18. h6 g6 19. g5 d4 20. gxf6 Bxf6 21. e4 e5 22. fxe5 Bxe5 23. Ba3 Rb5 24. Rdf1 0-0 25. Rh3 Re8 26. Rhf3 Be6 27. Qf2 Qe7 28. Kb1 Bd6 29. Ka1 Rf8 30. Rxf8+ Qxf8 31. Qxf8+ Bxf8 32. Bc1 Rb7 33. Rf6 Bd7 34. Nb2 Be7 35. Rf1 Be6 36. Kb1 Rb8 37. Nd1 Rf8 38. Rxf8+ Kxf8 39. c3 Kf7 40. Kc2 g5 41. b4 Kg6 42. bxc5 Bxc5 43. c4 Kxh6 44. Kd2 Bb4+ 45. Kc2 Kg6 46. Kb3 c5 47. Bb2 Be1 48. Ba3 Kf6 49. Bxc5 Ke5 50. Bb6 g4 51. Bc7+ Kf6 52. Bd8+ Ke5 1/2-1/2

[Event "Winnipeg op"]
[Site "Winnipeg"]
[Date "2015.07.06"]
[Round "6"]
[White "Schulz, Waldemar"]
[Black "Wasserman, Leor"]
[Result "1/2-1/2"]
[WhiteElo "2015"]
[BlackElo "2061"]
[PlyCount "40"]
[EventDate "2015.06.02"]
[EventType "swiss"]
[EventRounds "9"]
[EventCountry "CAN"]
[SourceTitle "EXT 2019"]
[Source "ChessBase"]
[SourceDate "2018.10.10"]
[SourceVersion "1"]
[SourceVersionDate "2018.10.10"]
[SourceQuality "1"]

1. Nf3 Nf6 2. d4 g6 3. g3 Bg7 4. Bg2 0-0 5. 0-0 d5 6. c4 c6 7. Nc3 dxc4 8. a4 Nd5 9. e4 Nb4 10. Be3 N8a6 11. Qd2 Bg4 12. Ne1 c5 13. d5 b6 14. f3 Bc8 15. Rf2 Bb7 16. Bf1 f5 17. Bxc4 Kh8 18. Ng2 Nc7 19. Nf4 Qd6 20. Rd1 Be5 1/2-1/2

[Event "Winnipeg TNT October op"]
[Site "Winnipeg"]
[Date "2014.10.28"]
[Round "4.4"]
[White "Schulz, Waldemar"]
[Black "Wolchock, Theo"]
[Result "1/2-1/2"]
[WhiteElo "2008"]
[BlackElo "1963"]
[PlyCount "37"]
[EventDate "2014.10.07"]
[EventType "swiss"]
[EventRounds "4"]
[EventCountry "CAN"]
[SourceTitle "EXT 2022"]
[Source "ChessBase"]
[SourceDate "2021.10.06"]
[SourceVersion "1"]
[SourceVersionDate "2021.10.06"]
[SourceQuality "1"]

1. d4 Nf6 2. c4 e5 3. dxe5 Ng4 4. Nf3 Nc6 5. e3 Bb4+ 6. Bd2 Bxd2+ 7. Nbxd2 Ngxe5 8. Be2 0-0 9. 0-0 d6 10. Nxe5 dxe5 11. Bf3 f5 12. Bd5+ Kh8 13. Nf3 Qf6 14. Bxc6 bxc6 15. Qe2 Be6 16. Rfd1 Rad8 17. b3 Bc8 18. Rxd8 Rxd8 19. Rd1 1/2-1/2

[Event "Winnipeg op"]
[Site "Winnipeg"]
[Date "2014.07.08"]
[Round "5"]
[White "Schulz, Waldemar"]
[Black "Campbell, Jamie"]
[Result "1/2-1/2"]
[WhiteElo "2010"]
[BlackElo "1806"]
[PlyCount "47"]
[EventDate "2014.06.03"]
[EventType "swiss"]
[EventRounds "8"]
[EventCountry "CAN"]
[SourceTitle "EXT 2019"]
[Source "ChessBase"]
[SourceDate "2018.10.10"]
[SourceVersion "1"]
[SourceVersionDate "2018.10.10"]
[SourceQuality "1"]

1. Nf3 c5 2. c4 g6 3. g3 Bg7 4. Bg2 Nf6 5. 0-0 0-0 6. Nc3 d6 7. d4 cxd4 8. Nxd4 Nbd7 9. b3 a6 10. Bb2 Rb8 11. Qd2 Qc7 12. Rfd1 Ne5 13. Rac1 Rd8 14. Rc2 e6 15. Rdc1 Nc6 16. Na4 Bd7 17. Nb5 axb5 18. cxb5 d5 19. bxc6 Bxc6 20. Nc5 Ne4 21. Qb4 Bxb2 22. Rxb2 Nxc5 23. Qxc5 Qd6 24. Rbc2 1/2-1/2

[Event "Winnipeg TNT April op"]
[Site "Winnipeg"]
[Date "2014.04.01"]
[Round "1.5"]
[White "Reimer, Bruce"]
[Black "Schulz, Waldemar"]
[Result "0-1"]
[WhiteElo "1627"]
[BlackElo "1993"]
[PlyCount "112"]
[EventDate "2014.04.01"]
[EventType "swiss"]
[EventRounds "5"]
[EventCountry "CAN"]
[SourceTitle "EXT 2022"]
[Source "ChessBase"]
[SourceDate "2021.10.06"]
[SourceVersion "1"]
[SourceVersionDate "2021.10.06"]
[SourceQuality "1"]

1. c4 Nf6 2. g3 c6 3. Bg2 d5 4. b3 e6 5. d4 Nbd7 6. e3 Be7 7. Ne2 0-0 8. 0-0 b6 9. Nbc3 Bb7 10. Bb2 Rc8 11. e4 dxc4 12. e5 Nd5 13. bxc4 Nxc3 14. Bxc3 Qc7 15. Qd2 Ba6 16. Rac1 Bxc4 17. Rfe1 Rfd8 18. f4 c5 19. Qb2 Bxe2 20. Rxe2 cxd4 21. Bd2 Bc5 22. Kh1 Nb8 23. Bb4 Qe7 24. Rec2 Nd7 25. Qxd4 Rb8 26. Bxc5 Nxc5 27. Qb4 Qd7 28. Bf1 Qd5+ 29. Kg1 Qd4+ 30. Qxd4 Rxd4 31. Rb1 Rbd8 32. Be2 Rd2 33. Rxd2 Rxd2 34. Rd1 Rxd1+ 35. Bxd1 Kf8 36. Bc2 h6 37. Kf2 Ke7 38. Ke3 Kd7 39. h3 Kc6 40. Kd4 Kb5 41. a3 Nb7 42. g4 Nd8 43. f5 Nc6+ 44. Ke4 Kc4 45. fxe6 fxe6 46. Kf4 g5+ 47. Ke4 b5 48. Bd3+ Kc5 49. Bc2 b4 50. axb4+ Kxb4 51. Bb1 Kc3 52. Ba2 Nd4 53. Bxe6 Nxe6 54. Kd5 Nf4+ 55. Kd6 a5 56. e6 Nxe6 0-1

[Event "MCA Champions"]
[Site "Winnipeg"]
[Date "2013.11.05"]
[Round "1"]
[White "Schulz, Waldemar"]
[Black "Li, Kevin"]
[Result "0-1"]
[WhiteElo "2032"]
[BlackElo "2107"]
[PlyCount "64"]
[EventDate "2013.11.05"]
[EventType "swiss"]
[EventRounds "6"]
[EventCountry "CAN"]
[SourceTitle "EXT 2019"]
[Source "ChessBase"]
[SourceDate "2018.10.10"]
[SourceVersion "1"]
[SourceVersionDate "2018.10.10"]
[SourceQuality "1"]

1. d4 Nf6 2. Bg5 Ne4 3. h4 c5 4. d5 Qb6 5. Qc1 c4 6. Be3 Qa5+ 7. c3 Qxd5 8. Nd2 Nxd2 9. Qxd2 Qxd2+ 10. Kxd2 Nc6 11. g3 d5 12. Bg2 Bf5 13. Rd1 e6 14. Nh3 Be7 15. Nf4 0-0-0 16. Kc1 Rhe8 17. Bh3 Bxh3 18. Rxh3 Rd7 19. Bd2 e5 20. Ng2 d4 21. cxd4 exd4 22. Bf4 Bf6 23. Rd2 b5 24. g4 Bd8 25. e3 Ba5 26. Rd1 d3 27. Rhh1 Kb7 28. Kb1 b4 29. Ne1 Red8 30. Nf3 c3 31. Kc1 c2 32. Rdf1 b3 0-1

[Event "Winnipeg TNT July op"]
[Site "Winnipeg"]
[Date "2013.07.09"]
[Round "2"]
[White "Schulz, Waldemar"]
[Black "Melamedoff, Gustavo"]
[Result "1-0"]
[WhiteElo "1969"]
[BlackElo "2115"]
[PlyCount "87"]
[EventDate "2013.07.02"]
[EventType "swiss"]
[EventRounds "5"]
[EventCountry "CAN"]
[SourceTitle "EXT 2022"]
[Source "ChessBase"]
[SourceDate "2021.10.06"]
[SourceVersion "1"]
[SourceVersionDate "2021.10.06"]
[SourceQuality "1"]

1. d4 e6 2. c4 Nf6 3. g3 c5 4. Nf3 cxd4 5. Nxd4 Bb4+ 6. Bd2 Bc5 7. Nb3 Be7 8. Bg2 d5 9. cxd5 exd5 10. 0-0 0-0 11. Nc3 Nc6 12. Rc1 Be6 13. Na4 d4 14. Nac5 Bxb3 15. Qxb3 Bxc5 16. Rxc5 Qb6 17. Rb5 Qa6 18. Rxb7 Rac8 19. Re1 Ne5 20. Rb5 Qe6 21. Qxe6 fxe6 22. Rxe5 Rc2 23. Bf4 Ng4 24. Rxe6 d3 25. exd3 g5 26. R6e2 Rxe2 27. Rxe2 gxf4 28. gxf4 Rxf4 29. Re4 Rxe4 30. dxe4 Kf7 31. Bf3 Ne5 32. Be2 Kf6 33. Kg2 Kg5 34. Kg3 Ng6 35. f4+ Kf6 36. e5+ Ke6 37. Bc4+ Ke7 38. Kg4 h6 39. Bd3 Nf8 40. f5 Nd7 41. f6+ Kf8 42. Kf5 Nc5 43. Bc4 a5 44. e6 1-0

[Event "Winnipeg TNT May op"]
[Site "Winnipeg"]
[Date "2013.05.07"]
[Round "1"]
[White "Schulz, Waldemar"]
[Black "Samson, Larry"]
[Result "1/2-1/2"]
[WhiteElo "1975"]
[BlackElo "1531"]
[PlyCount "107"]
[EventDate "2013.05.07"]
[EventType "swiss"]
[EventRounds "4"]
[EventCountry "CAN"]
[SourceTitle "EXT 2022"]
[Source "ChessBase"]
[SourceDate "2021.10.06"]
[SourceVersion "1"]
[SourceVersionDate "2021.10.06"]
[SourceQuality "1"]

1. Nf3 Nf6 2. c4 g6 3. Nc3 Bg7 4. g3 d6 5. d4 Nbd7 6. Bg2 c6 7. 0-0 0-0 8. Qc2 e5 9. Rd1 Qe7 10. e4 Re8 11. d5 c5 12. Re1 Nf8 13. Bd2 h6 14. h3 Kh7 15. a3 a6 16. Na2 Qc7 17. Nc1 a5 18. Ne2 Bd7 19. Nc3 b6 20. Kh2 Ng8 21. Ng1 g5 22. Nf3 f6 23. Rf1 Ng6 24. Ng1 N8e7 25. Nge2 Rf8 26. Rae1 h5 27. Ng1 g4 28. h4 Ng8 29. Nge2 Nh6 30. Ng1 Qd8 31. Nb5 Bxb5 32. cxb5 Rh8 33. Ne2 Nf7 34. f4 gxf3 35. Bxf3 Kg8 36. Nc3 Nh6 37. Qd1 Ng4+ 38. Bxg4 hxg4 39. Qxg4 Qe8 40. h5 Kf8 41. Kg2 Ne7 42. Rh1 Bh6 43. Bxh6+ Rxh6 44. Ref1 Ng8 45. a4 Ra7 46. Kf2 Rg7 47. Qf3 Rg5 48. g4 Qf7 49. Nd1 Qg7 50. Ne3 Ne7 51. Rfg1 Ke8 52. Rg3 Kd7 53. Rgg1 Kc7 54. Ke2 1/2-1/2

[Event "Winnipeg TNT February op"]
[Site "Winnipeg"]
[Date "2013.02.26"]
[Round "4"]
[White "Schulz, Waldemar"]
[Black "Rutter, Blair A"]
[Result "0-1"]
[WhiteElo "2014"]
[BlackElo "1863"]
[PlyCount "84"]
[EventDate "2013.02.05"]
[EventType "swiss"]
[EventRounds "4"]
[EventCountry "CAN"]
[SourceTitle "EXT 2022"]
[Source "ChessBase"]
[SourceDate "2021.10.06"]
[SourceVersion "1"]
[SourceVersionDate "2021.10.06"]
[SourceQuality "1"]

1. Nf3 d5 2. g3 Nd7 3. d4 c6 4. Bg2 f5 5. 0-0 Ngf6 6. c4 e6 7. Nbd2 Ne4 8. Qc2 Bd6 9. b3 Nf8 10. Bb2 g5 11. Ne5 h5 12. Nxe4 Bxe5 13. dxe5 dxe4 14. Rfd1 Qe7 15. f3 e3 16. Qd3 f4 17. Qe4 Qf7 18. Kh1 Ng6 19. Rd6 Bd7 20. Rad1 0-0-0 21. Bd4 Kb8 22. Bxa7+ Kxa7 23. Qd4+ c5 24. Qxc5+ Kb8 25. Qd4 Nf8 26. c5 Rc8 27. a4 h4 28. gxf4 gxf4 29. Bh3 Rg8 30. Rxd7 Nxd7 31. Qd6+ Ka8 32. Qxe6 Qxe6 33. Bxe6 Nxe5 34. Bxc8 Rxc8 35. b4 h3 36. Rd5 Re8 37. Rd1 Rg8 38. Rd5 Rg5 39. b5 Kb8 40. a5 Nxf3 41. Rd1 Nd2 42. b6 Rxc5 0-1

[Event "Winnipeg Yanofsky Memorial"]
[Site "Winnipeg"]
[Date "2012.07.29"]
[Round "4"]
[White "Schulz, Waldemar"]
[Black "Cleto, Sam"]
[Result "1-0"]
[WhiteElo "2045"]
[BlackElo "1884"]
[PlyCount "129"]
[EventDate "2012.07.27"]
[EventType "swiss"]
[EventRounds "5"]
[EventCountry "CAN"]
[SourceTitle "EXT 2022"]
[Source "ChessBase"]
[SourceDate "2021.10.06"]
[SourceVersion "1"]
[SourceVersionDate "2021.10.06"]
[SourceQuality "1"]

1. Nf3 Nf6 2. g3 d5 3. Bg2 Nc6 4. d4 h6 5. b3 Bf5 6. Bb2 e6 7. 0-0 Bd6 8. Nbd2 b5 9. Nh4 0-0 10. Nxf5 exf5 11. c4 bxc4 12. bxc4 Rb8 13. Bc3 Bb4 14. Bxb4 Nxb4 15. a3 Nc6 16. e3 Ne4 17. cxd5 Qxd5 18. Qc2 Rfe8 19. Rfc1 Rb6 20. Rab1 Rxb1 21. Rxb1 Qd6 22. Nxe4 fxe4 23. Bxe4 Ne7 24. Qd3 Nd5 25. Bg2 c6 26. Qb3 Nb6 27. Qb4 Qg6 28. Rc1 Re6 29. Qb3 Nd7 30. Qc2 Qh5 31. Bxc6 Nf6 32. Bg2 Qa5 33. Qc5 Qd2 34. Qc3 Qe2 35. Qc8+ Kh7 36. Qc2+ Qxc2 37. Rxc2 Ra6 38. Rc3 Ne8 39. Be4+ g6 40. Bd3 Ra5 41. Kg2 Kg7 42. a4 Nf6 43. Bc2 Nd5 44. Rc5 Rxc5 45. dxc5 Kf6 46. Kf3 Ke5 47. Bb3 f5 48. g4 fxg4+ 49. Kxg4 Nf6+ 50. Kf3 Ne4 51. c6 Ng5+ 52. Ke2 Kd6 53. Bc2 Kxc6 54. Bxg6 Kc5 55. f4 Ne6 56. Kd3 Kb4 57. Be8 Nc7 58. Bd7 Na6 59. Kd4 Nc5 60. Be8 Ne6+ 61. Ke5 Nc7 62. Bd7 Kc5 63. f5 Nd5 64. f6 Nb6 65. Ke6 1-0

[Event "Winnipeg TNT May op"]
[Site "Winnipeg"]
[Date "2012.05.29"]
[Round "5.5"]
[White "Moncal, Nilo"]
[Black "Schulz, Waldemar"]
[Result "0-1"]
[WhiteElo "2147"]
[BlackElo "2035"]
[PlyCount "92"]
[EventDate "2012.05.01"]
[EventType "swiss"]
[EventRounds "5"]
[EventCountry "CAN"]
[SourceTitle "EXT 2022"]
[Source "ChessBase"]
[SourceDate "2021.10.06"]
[SourceVersion "1"]
[SourceVersionDate "2021.10.06"]
[SourceQuality "1"]

1. e4 c5 2. Nf3 Nc6 3. d4 cxd4 4. Nxd4 e5 5. Nb3 Nf6 6. f3 d5 7. exd5 Qxd5 8. Qxd5 Nxd5 9. Bd2 Bf5 10. c3 Be7 11. Bc4 Rd8 12. 0-0 0-0 13. Re1 a6 14. a4 Nb6 15. Bf1 Bc2 16. Be3 Nd5 17. N1d2 Nxe3 18. Rxe3 Bg5 19. Re2 Bd3 20. Ne4 Bxe2 21. Bxe2 Be7 22. Kf1 Rfe8 23. Bc4 Kf8 24. Ke2 Rc8 25. Nbd2 Red8 26. g4 Nb8 27. h4 Nd7 28. Bd5 Rc7 29. Ba2 Nc5 30. Nxc5 Bxc5 31. Ne4 f6 32. h5 Ke7 33. b4 Ba7 34. b5 a5 35. c4 Bc5 36. Rh1 b6 37. Nc3 Bb4 38. Ne4 Rd4 39. Rc1 Rcd7 40. Bb1 g6 41. hxg6 hxg6 42. c5 bxc5 43. Nxc5 Rd2+ 44. Ke3 Rc7 45. Bxg6 Ra2 46. b6 Bxc5+ 0-1

[Event "Winnipeg MCA Champions"]
[Site "Winnipeg"]
[Date "2011.11.22"]
[Round "4"]
[White "Kaptsan, Aron"]
[Black "Schulz, Waldemar"]
[Result "0-1"]
[WhiteElo "2043"]
[BlackElo "2025"]
[PlyCount "46"]
[EventDate "2011.11.01"]
[EventType "swiss"]
[EventRounds "6"]
[EventCountry "CAN"]
[SourceTitle "EXT 2019"]
[Source "ChessBase"]
[SourceDate "2018.10.10"]
[SourceVersion "1"]
[SourceVersionDate "2018.10.10"]
[SourceQuality "1"]

1. d4 Nf6 2. c4 e6 3. Nc3 d5 4. e3 c6 5. Nf3 Bd6 6. Bd3 Nbd7 7. 0-0 0-0 8. e4 dxe4 9. Nxe4 Nxe4 10. Bxe4 Nf6 11. Bc2 Qc7 12. b3 e5 13. c5 Be7 14. dxe5 Ng4 15. Qe2 Bxc5 16. Qe4 g6 17. h3 Nxf2 18. Rxf2 Bf5 19. Qc4 Qb6 20. Bxf5 Bxf2+ 21. Kh2 Be3 22. Bxe3 Qxe3 23. Qd3 Qf4+ 0-1

[Event "Winnipeg TNT September"]
[Site "Winnipeg"]
[Date "2011.09.13"]
[Round "3"]
[White "Schulz, Waldemar"]
[Black "Kaptsan, Aron"]
[Result "1/2-1/2"]
[WhiteElo "2034"]
[BlackElo "1989"]
[PlyCount "94"]
[EventDate "2011.09.06"]
[EventType "swiss"]
[EventRounds "4"]
[EventCountry "CAN"]
[SourceTitle "EXT 2023"]
[Source "ChessBase"]
[SourceDate "2022.10.05"]
[SourceVersion "1"]
[SourceVersionDate "2022.10.05"]
[SourceQuality "1"]

1. Nf3 Nf6 2. c4 g6 3. g3 Bg7 4. Bg2 0-0 5. 0-0 d6 6. d4 Nbd7 7. Nc3 e5 8. Rb1 exd4 9. Nxd4 a5 10. b3 Re8 11. Bb2 Nc5 12. a3 c6 13. Nxc6 bxc6 14. Bxc6 Bd7 15. Bxa8 Qxa8 16. f3 Bh3 17. Re1 Qa6 18. e4 Qb6 19. Bc1 Ncxe4+ 20. Be3 Nxc3 21. Bxb6 Nxd1 22. Rbxd1 Rb8 23. Bxa5 Rxb3 24. Rxd6 h5 25. Kf2 Rxa3 26. Bd8 Nd7 27. Rd5 Rc3 28. Re8+ Kh7 29. Re7 Nf6 30. Rd6 Be6 31. Rb7 Kh6 32. Ba5 Rxc4 33. Bd2+ Kh7 34. Bg5 Ne8 35. Rd8 Rc8 36. Rxc8 Bxc8 37. Rb8 Bd7 38. Rd8 Bf6 39. Rxd7 Bxg5 40. Rxf7+ Kg8 41. Rb7 Bf6 42. f4 Nd6 43. Rd7 Nf5 44. Kf3 Nh6 45. h3 Nf7 46. g4 h4 47. g5 Bxg5 1/2-1/2

[Event "Winnipeg TNT June op"]
[Site "Winnipeg"]
[Date "2011.06.28"]
[Round "4"]
[White "Schulz, Waldemar"]
[Black "Li, Kevin"]
[Result "0-1"]
[WhiteElo "2018"]
[BlackElo "2187"]
[PlyCount "89"]
[EventDate "2011.06.07"]
[EventType "swiss"]
[EventRounds "4"]
[EventCountry "CAN"]
[SourceTitle "EXT 2022"]
[Source "ChessBase"]
[SourceDate "2021.10.06"]
[SourceVersion "1"]
[SourceVersionDate "2021.10.06"]
[SourceQuality "1"]

1. Nf3 c5 2. g3 d5 3. Bg2 Nc6 4. d4 cxd4 5. Nxd4 Nf6 6. 0-0 e6 7. c4 Bc5 8. Nxc6 bxc6 9. Nc3 0-0 10. Qc2 Qe7 11. Bg5 Bb7 12. Rad1 Rac8 13. Na4 Bd6 14. c5 Bc7 15. b4 h6 16. Bc1 Rfd8 17. Nb2 a5 18. a3 axb4 19. axb4 Ba6 20. Nd3 Rb8 21. Bd2 e5 22. Ra1 Bb5 23. Ra7 e4 24. Ne5 Rdc8 25. Bc3 Qe6 26. Qb2 Ra8 27. Rfa1 Rxa7 28. Rxa7 Bb8 29. Ra8 Re8 30. f4 Kh7 31. Qa2 Nd7 32. Nxd7 Qxd7 33. Bd4 Bc4 34. Qb2 Be5 35. Rxe8 Bxd4+ 36. Qxd4 Qxe8 37. Kf2 Bb5 38. Qa1 f6 39. h3 e3+ 40. Kf1 Qg6 41. g4 Qc2 42. Bf3 Bc4 43. Qe1 f5 44. g5 Qd2 45. gxh6 0-1

[Event "Winnipeg TNT May op"]
[Site "Winnipeg"]
[Date "2011.05.31"]
[Round "5"]
[White "Schulz, Waldemar"]
[Black "Li, Kevin"]
[Result "0-1"]
[WhiteElo "2044"]
[BlackElo "2239"]
[PlyCount "68"]
[EventDate "2011.05.03"]
[EventType "swiss"]
[EventRounds "5"]
[EventCountry "CAN"]
[SourceTitle "EXT 2022"]
[Source "ChessBase"]
[SourceDate "2021.10.06"]
[SourceVersion "1"]
[SourceVersionDate "2021.10.06"]
[SourceQuality "1"]

1. Nf3 c5 2. c4 Nc6 3. g3 g6 4. Bg2 Bg7 5. 0-0 Nf6 6. Nc3 0-0 7. d4 cxd4 8. Nxd4 Ng4 9. e3 Nge5 10. b3 d6 11. Bb2 Bg4 12. Nxc6 bxc6 13. Qc2 Qb6 14. Na4 Qc7 15. Bc3 Be6 16. Nb2 Rfd8 17. Nd3 d5 18. Nxe5 Bxe5 19. Bxe5 Qxe5 20. c5 Bf5 21. Qd2 a5 22. Rfd1 a4 23. b4 a3 24. Bf1 Qb2 25. Qd4 Ra4 26. Qf4 e5 27. Qg5 Rc8 28. b5 cxb5 29. Qe7 d4 30. Qxe5 dxe3 31. Qxe3 Bc2 32. Rdc1 Re4 33. Qh6 Rxc5 34. Bh3 Re8 0-1

[Event "Winnipeg TNT May op"]
[Site "Winnipeg"]
[Date "2011.05.03"]
[Round "1"]
[White "Schulz, Waldemar"]
[Black "Le Dorze, Philippe"]
[Result "1-0"]
[WhiteElo "2044"]
[BlackElo "1601"]
[PlyCount "55"]
[EventDate "2011.05.03"]
[EventType "swiss"]
[EventRounds "5"]
[EventCountry "CAN"]
[SourceTitle "EXT 2022"]
[Source "ChessBase"]
[SourceDate "2021.10.06"]
[SourceVersion "1"]
[SourceVersionDate "2021.10.06"]
[SourceQuality "1"]

1. d4 e6 2. c4 d5 3. g3 Nf6 4. Bg2 c5 5. Nf3 Bd7 6. 0-0 Bd6 7. Nc3 Bc6 8. Bg5 h6 9. Bxf6 Qxf6 10. cxd5 Bd7 11. Ne4 Qe7 12. Nxd6+ Qxd6 13. dxc5 Qxc5 14. Ne5 Qd6 15. Nxf7 Kxf7 16. dxe6+ Kxe6 17. Qxd6+ Kxd6 18. Bxb7 Bc6 19. Rfd1+ Kc7 20. Bxa8 Bxa8 21. Rac1+ Kb6 22. Rd6+ Nc6 23. b4 Re8 24. a4 a6 25. Kf1 Re7 26. Rc4 Kc7 27. Rdxc6+ Bxc6 28. b5 1-0

[Event "Winnipeg FIDE Futurity 5"]
[Site "Winnipeg"]
[Date "2011.03.22"]
[Round "4"]
[White "Kaptsan, Aron"]
[Black "Schulz, Waldemar"]
[Result "1/2-1/2"]
[WhiteElo "2071"]
[BlackElo "2015"]
[PlyCount "39"]
[EventDate "2011.03.01"]
[EventType "tourn"]
[EventRounds "5"]
[EventCountry "CAN"]
[SourceTitle "EXT 2019"]
[Source "ChessBase"]
[SourceDate "2018.10.10"]
[SourceVersion "1"]
[SourceVersionDate "2018.10.10"]
[SourceQuality "1"]

1. d4 Nf6 2. c4 g6 3. Nc3 d5 4. cxd5 Nxd5 5. Bd2 Bg7 6. e4 Nxc3 7. Bxc3 0-0 8. h3 c5 9. Nf3 Qc7 10. Rc1 Rd8 11. d5 b6 12. Bxg7 Kxg7 13. Qa4 Qf4 14. Qc2 Na6 15. a3 Bb7 16. Bd3 Rac8 17. Qd2 Qxd2+ 18. Nxd2 Nc7 19. Ke2 e6 20. dxe6 1/2-1/2